00342pab a2200145 454500008004000000100002200040245001900062260000900081300000900090362001100099650001900110650002800129650001900157773002000176180718b1997 xxu||||| |||| 00| 0 eng d aMukherjee, Pranab aFiscal worries c1997 ap.13 a17 Feb aBudget - India aFinance, public - India aPublic finance aHindustan Times